| 000 | 00442nam a2200157 i 4500 | ||
|---|---|---|---|
| 001 | 129265 | ||
| 003 | ES-MaACL | ||
| 005 | 20230906193453.0 | ||
| 007 | t| | ||
| 008 | 070611s1964 sp ||||1| cat d | ||
| 100 | 1 |
_aTemens Mauri, Jaume. _9109663 |
|
| 245 | 1 | 3 |
_aEl cami del somni _b: poemes / _cJaume Temens Mauri. |
| 260 |
_aBarcelona : _bTorrell de Reus, _c1964. |
||
| 300 |
_a50 p. ; _c19 cm. |
||
| 852 |
_aES-MaACL _j2033-F-25 _bR.55301 |
||
| 999 |
_c129265 _d129265 |
||